Statistics for Top 50 AFL Players Of 2016

Click here to take the quiz!

General Stats

  • This quiz has been taken 119 times
  • The average score is 22 of 50

Answer Stats

Hint Answer % Correct
Geelong (1)Patrick Dangerfield
92%
Sydney (3)Lance Franklin
88%
Fremantle (2)Nat Fyfe
88%
Geelong (4)Joel Selwood
83%
Richmond (12)Dustin Martin
83%
Collingwood (6)Scott Pendlebury
77%
Western Bulldogs (5)Marcus Bontempelli
75%
West Coast (15)Josh Kennedy
70%
Sydney (7)Josh Kennedy
70%
Adelaide (11)Rory Sloane
70%
Sydney (9)Luke Parker
62%
Hawthorn (20)Sam Mitchell
60%
Gold Coast (14)Tom Lynch
58%
Melbourne (33)Nathan Jones
57%
Richmond (10)Alex Rance
57%
Port Adelaide (16)Robbie Gray
53%
Richmond (48)Trent Cotchin
53%
Hawthorn (31)Luke Hodge
50%
GWS (24)Dylan Shiel
43%
GWS (30)Jeremy Cameron
42%
Melbourne (17)Max Gawn
42%
Adelaide (19)Eddie Betts
40%
Sydney (13)Dan Hannebery
40%
St Kilda (35)Jack Steven
40%
Hawthorn (18)Cyril Rioli
38%
Melbourne (50)Jack Viney
38%
GWS (22)Callan Ward
37%
St Kilda (25)Nick Riewoldt
37%
Adelaide (38)Taylor Walker
37%
Essendon (26)Dyson Heppell
35%
Collingwood (40)Adam Treloar
35%
GWS (49)Josh Kelly
35%
Carlton (32)Patrick Cripps
35%
West Coast (21)Matt Priddis
33%
Hawthorn (44)Jordan Lewis
33%
Brisbane (36)Dayne Zorko
30%
Essendon (41)Jobe Watson
30%
Brisbane (46)Dayne Beams
28%
Essendon (28)Zach Merrett
27%
Port Adelaide (47)Travis Boak
27%
Fremantle (29)Lachie Neale
27%
GWS (42)Heath Shaw
25%
North Melbourne (23)Todd Goldstein
23%
West Coast (37)Luke Shuey
22%
Gold Coast (8)Garry Ablett
22%
Essendon (45)Michael Hurley
20%
GWS (27)Toby Greene
20%
Hawthorn (34)Jarryd Roughead
18%
Collingwood (39)Steele Sidebottom
15%
GWS (43)Stephen Coniglio
15%

Score Distribution

Percentile by Number Answered

Percent of People with Each Score

Your Score History

You have not taken this quiz